Films Pixar par images - Statistiques

Statistiques générales
  • Ce quiz a été pris 214 fois
  • Le résultat moyen est 17 sur 20
Statistiques - réponses
Hint Réponse % Correct
Ratatouille
96%
Les Indestructibles
93%
1001 pattes
91%
Buzz l'éclair
91%
Toy Story
91%
Vice-versa
91%
WALL-E
91%
Monstres et Cie
90%
Soul
88%
Rebelle
87%
Cars
85%
Le monde de Nemo
85%
Le voyage d'Arlo
85%
Luca
80%
Élémentaire
78%
Alerte rouge
75%
Là-haut
73%
Coco
71%
Elio
66%
En avant
51%
Aucun quiz correspondant
Distribution des résultats
% des personnes avec chaque résultat
Percentile par nombre de réponses
Votre historique - résultats
Vous n’avez pas pris ce quiz